000 00941nam a2200361 a 4500
003 AR-BaBNM
005 20251128204859.0
008 082120s2002 ||||||||||||||000 | spa||
020 _a84-7112-166-2
040 _cAR-BaBNM
100 1 _aMaigre, A.
245 0 0 _aLa educación psicomotora
250 _a3ª ed.
260 _aMadrid
_bEdiciones Morata
_c1986
300 _a197 p.
_bgráfs., tablas
490 0 _aPedagogía. La pedagogía hoy
504 _aBibliografía p. 189-197
600 1 4 _aPiaget, Jean
600 1 4 _aWallon, Henri
600 1 4 _aLe Boulch, Jean
600 1 4 _aFreud, Anna
600 1 4 _aKlein, Melanie
650 4 _aPSICOLOGIA DE LA EDUCACION
650 4 _aPSICOMOTRICIDAD
650 4 _aEDUCACION FISICA
651 4 _aURSS
651 4 _aFrancia
653 _aEXPRESION CORPORAL
700 1 _aDestrooper, J.
700 1 _aGonzalvo Mainar, Gustavo
_etraductor
942 _cBK
998 _cCarmen
999 _c9174
_d9174